Największe Miasta na każdą literę w Podkarpackim - Statystyki

Ogólne statystyki
  • Ten quiz został rozwiązany 132 razy
  • Średni wynik to 12 z 18
Statystyki odpowiedzi
Litera Miasto % Poprawnych
R Rzeszów
98%
P Przemyśl
90%
M Mielec
89%
K Krosno
88%
J Jarosław
87%
D Dębica
86%
S Stalowa Wola
86%
T Tarnobrzeg
82%
Ł Łańcut
74%
L Leżajsk
69%
N Nisko
69%
U Ustrzyki Dolne
69%
B Brzozów
62%
I Iwonicz-Zdrój
44%
Z Zagórz
33%
G Głogów Małopolski
32%
C Cieszanów
26%
O Oleszyce
24%
Nie znaleziono quizów pasujących do podanych kryteriów
Rozkład punktacji
Procent ludzi z każdym wynikiem
Percentyl według liczby udzielonych odpowiedzi
Twoja historia wyników
Nie rozwiązałeś tego quizu